00590 2200217 4500001002100000005001500021035002000036245007300056100002200129250000600151300003100157700001100188260004600199082001000245084001600255020002200271650002800293990001700321990001700338990001700355INLIS00000000000007620180816021150 a0010-08180000401 aEnsiklomini Matematika ( K-Q ) /cAndini Septiasari; Edeitor, Asep I0 aAndini Septiasari a- a64 HLM. :bilus. ;c25 cm.0 aAsep I aBandung :bPT INDAHJAYA Adipratama,c2008 a510.3 a510.3 AND e a978-979-24-1634-3 aEnsiklopedia Matematika a00304/P/2018 a00305/P/2018 a00309/P/2018